Nationale Duelle in einem CL Finale - Statistiken

Allgemein
  • Dieses Quiz wurde 198 mal gespielt
  • Das Durchschnittsergebnis liegt bei 7 aus 8
Antwortstatistiken
Saison Gegner Ergebnis Mannschaft % Korrekt
2012/13 Borussia Dortmund 1:2 FC Bayern München
99%
2020/21 Manchester City 0:1 FC Chelsea
97%
2002/03 Juventus Turin 2:3 n.E AC Mailand
93%
2015/16 Real Madrid 6:4 n.E Atletico Madrid
93%
2013/14 Real Madrid 4:1 n.V Atletico Madrid
93%
2018/19 Tottenham Hotspur 0:2 FC Liverpool
93%
2007/08 Manchester United 6:5 n.E FC Chelsea
92%
1999/00 Real Madrid 3:0 FC Valencia
76%
Keine übereinstimmenden Quizze gefunden
Verteilung der Resultate
Anzahl Personen mit jedem Resultat
Perzentil nach korrekt beantworteten Fragen
Ihre Resultats-Entwicklung
Sie haben dieses Quiz noch nicht gespielt